Noche Trizada.
Na minha lista:
| Autor principal: | |
|---|---|
| Formato: | Livro |
| Publicado em: |
Valparaíso, Chile:
Ediciones Universitarias de Valparaíso,
2023.
|
| Assuntos: | |
| Tags: |
Adicionar Tag
Sem tags, seja o primeiro a adicionar uma tag!
|
MARC
| LEADER | 00000nam a22000007a 4500 | ||
|---|---|---|---|
| 003 | CL-VaPUC | ||
| 005 | 20240417114955.0 | ||
| 008 | 240402t2023 ||||| |||| 00| 0 eng d | ||
| 020 | |a 978-956-17-1088-7 | ||
| 040 | |c Pontificia Universidad Católica de Valparaíso | ||
| 082 | 0 | 4 | |2 22 |a Ch861 ROD 2023 |
| 100 | 1 | |a Rodríguez Severín, Virgilio |e autor |9 888122 | |
| 245 | 1 | 0 | |a Noche Trizada. |
| 260 | |a Valparaíso, Chile: |b Ediciones Universitarias de Valparaíso, |c 2023. | ||
| 300 | |a 66 páginas. | ||
| 500 | |a c.1 Donación Ediciones Universitarias. 21-3-2024 | ||
| 583 | |c 20240402 |k Catalogador Asistente | ||
| 650 | 1 | |a Poesías chilenas |9 265280 | |
| 942 | |2 ddc |c BK | ||
| 999 | |c 443398 |d 443396 | ||
| 952 | |0 0 |1 0 |2 ddc |4 0 |6 CH_861_000000000000000_ROD_2023 |7 0 |8 A |9 593933 |a BIBEDU |b BIBEDU |d 2024-04-02 |e Donación |i 5660573 |l 1 |o Ch861 ROD 2023 |p 5660573 |r 2024-05-07 |s 2024-04-30 |t 1 |w 2024-04-02 |y BK |k LIT | ||
| 952 | |0 0 |1 0 |2 ddc |4 0 |6 CH_861_000000000000000_ROD_2023 |7 0 |8 A |9 594096 |a BIBART |b BIBART |d 2024-04-17 |e 135 |g 5000.00 |i 5660732 |o Ch861 ROD 2023 |p 5660732 |r 2025-03-13 |t 3 |v 5000.00 |w 2024-04-17 |y BK |k ART | ||
| 952 | |0 0 |1 0 |2 ddc |4 0 |6 CH_861_000000000000000_ROD_2023 |7 0 |8 A |9 594097 |a BIBART |b BIBART |d 2024-04-17 |e 135 |g 5000.00 |i 5660731 |o Ch861 ROD 2023 |p 5660731 |r 2025-03-13 |t 2 |v 5000.00 |w 2024-04-17 |y BK |k ART | ||
| 952 | |0 0 |1 0 |2 ddc |4 0 |6 CH_861_000000000000000_ROD_2023 |7 0 |8 A |9 596838 |a BIBGIM |b BIBGIM |d 2024-09-16 |i 5662766 |o Ch861 ROD 2023 |p 5662766 |r 2025-01-15 |t 4 |w 2024-09-16 |y BK |k ELE | ||